50 Best Places on Earth - Statistics

General Stats
  • This quiz has been taken 30 times
  • The average score is 10 of 50
Answer Stats
Country Answer % Correct
Jordan Petra
70%
USA Grand CanyonNational Park
57%
Australia UluruNational Park
57%
Australia Great Barrier Reef
53%
China Great Wall ofChina
53%
Cambodia Angkor Wat
50%
India Taj Mahal
50%
Peru Machu Picchu
47%
USA YellowstoneNational Park
47%
Ecuador Galápagos Islands
40%
USA YosemiteNational Park
40%
Greece Acropolis
37%
Australia Sydney Harbour/Opera House
33%
Argentina/Brazil Iguaçu/IguazúFalls
30%
Zimbabwe/Zambia Victoria Falls
30%
Slovenia Lake Bled
27%
Russia Red Square
23%
China Forbidden City
20%
Cuba Habana Vieja
20%
Tanzania Serengeti National Park
20%
Spain The Alhambra
20%
Egypt Valley of the Kings
20%
Turkey Aya Sofia(Hagia Sofia)
13%
Italy Colloseum
13%
Botswana OkavangoDelta
13%
Italy Pompeii
13%
England Lake District
10%
Russia The Hermitage
10%
Guatemala Tikal
10%
Myanmar Bagan
7%
Turkey Cappadocia
7%
Morocco Fez Medina
7%
NewZealand FjordlandNational Park
7%
Canada Lake Louise
7%
Norway Lofoten Islands
7%
USA RedwoodNational Park
7%
Israel/Palestine Temple Mount/Al Haram Ash Sharif
7%
Italy Amalfi Coast
3%
Nepal AnnapurnaCircuit
3%
Uganda Bwindi ImpenetrableNational Park
3%
Vietnam Hoi AnOld Town
3%
China Mogao Caves
3%
Tanzania Ngorongoro Crater
3%
Bolivia Salar de Uyuni
3%
Portugal Sintra
3%
Jordan Wadi Rum
3%
Ireland Wild Atlantic Way
3%
Italy Matera
0%
Indonesia Raja Ampat
0%
Chile Valle de la Luna
0%
No matching quizzes found
Score Distribution
Percent of People with Each Score
Percentile by Number Answered
Your Score History
You have not taken this quiz